000 04633nab a2200325 i 4500
003 BR-BrBNA
005 20250113162634.0
008 250113b2016 bl.|r|pooa||| 00| 0 por |
040 _aBR-BrBNA
_bpor
072 _aL70
_b5240
100 _aLima,, M.P.A.
100 _aDallabrida, A.L.
100 _aMoraes, A.N. M
100 _aGehrcke, M.I.
100 _aRegalin, , B.D.C.
100 _a Regalin, D.
100 _aComassetto, F.
100 _aOleskovicz, N.
245 _aAnestesia geral inalatória ou total intravenosa associada à anestesia subaracnoidea, em ovinos
500 _aPublicação online; 29 ref.; 4 tables; Summaries (En, Pt)
520 _a RESUMO - Avaliou-se a eficácia e a segurança anestésica em ovinos mantidos sob anestesia geral inalatória com isofluorano ou anestesia total intravenosa com propofol, ambas associadas à anestesia subaracnoidea. Quatorze ovinos foram pré-medicados com 0,3mg.kg-1 de morfina IM, e cinco minutos após, receberam 20mcg.kg-1 de detomidina IV. Posteriormente, foram alocados aleatoriamente em dois grupos: GISO (n=7), os quais foram induzidos à anestesia geral com 0,5mg.kg-1 de diazepam e 5mg.kg-1 de cetamina IV, e mantidos em anestesia geral inalatória com isoflurano diluído em oxigênio a 100%; e GPRO (n=7), induzidos com 4mg.kg-1 de propofol IV seguido inicialmente de infusão contínua na taxa de 0,3mg.kg-1.min-1. Para realização da osteotomia bilateral, todos os animais receberam 0,5mg.kg-1 de ropivacaína 0,75% associado a 0,1mg.kg-1 de morfina pela via subaracnoidea. Houve redução de 40% nos valores médios de frequência cardíaca após sedação em ambos os grupos, permanecendo em média 23% reduzida até o final da avaliação. A pressão arterial média aumentou 16%, após a indução anestésica no GISO, mas se reduziu até o final do procedimento, assim como no GPRO. A EtISO média foi de 0,57V% e a taxa média de infusão do propofol foi de 0,24mg.kg1 .min-1. Os tempos totais de cirurgia, anestesia e extubação foram de 66±9,8, 92±13,8 e 7,0±1,5 minutos no GISO e 56±2,4, 82,9±4,6 e 5,4±1,5 minutos no GPRO, não havendo diferença significativa entre grupos. A manutenção anestésica com isoflurano ou propofol promoveu plano anestésico similar com mínimos efeitos cardiovasculares ou hemogasométricos, que são bem tolerados em ovinos hígidos. Palavras-chave: anestesia balanceada, propofol, isoflurano, ropivacaína
520 _a ABSTRACT - The purpose of this study was to evaluate the efficacy and safety of sheep submitted to inhalation anesthesia with isoflurane or total intravenous anesthesia with propofol, both associated with subarachnoid anesthesia. Fourteen animals were pre-medicated with 0.3mg.kg-1 morphine IM, and 5 minutes later received 20mcg.kg-1 detomidine IV. Then they were allocated into two groups: GISO (n=7), which were induced with 0.5mg.kg-1 of diazepam and 5mg.kg-1 of ketamine IV, and anesthesia maintenance was performed by isoflurane diluted in 100% oxygen; or GPRO (n=7), where animals were induced with 4mg.kg-1 propofol IV and subsequent maintenance anesthesia with its own infusion of 0.3mg.kg.min-1. To perform the bilateral tibial osteotomy, all animals received 0.5mg.kg-1 0.75% ropivacaine combined with 0.1mg.kg-1 morphine by the intrathecal route. There was a 40% reduction in mean heart rate after the sedative protocol in both groups, resulting in a 23% average reduction until the end of the review. Mean arterial pressure showed transient elevation of around 16%, after induction of anesthesia in GISO, but reducing it to the end of the procedure, as well as in GPRO. The average EtISO was 0.57 V% and average infusion rate of propofol was 0.24mg.kg-1.min-1. The total time of surgery, anesthesia and extubation was 66± 9.8, 92±7.0 and 13.8±1.5 minutes in GISO and 56±2.4, 82.9±4.6 and 5.4±1.5 minutes in GPRO. The maintenance of anesthesia with propofol or isoflurane produced similar anesthesia with minimal cardiovascular and blood gas effects, which are well tolerated in healthy sheep. Keywords: balanced anesthesia, propofol, isoflurane, ropivacaine
650 _aOVINO
650 _aANESTESIA
650 _aVETERINÁRIA
773 0 _01643
_9347390
_dBelo Horizonte-MG Universidade Federal de Minas Gerais - Escola de Veterinaria 1983
_o2024-8403
_tArquivo Brasileiro de Medicina Veterinária e Zootecnia (Brazil)
_x0102-0935
_gv. 68(2) p. 369-378; (2016)
_wBr2024004403
856 _uhttps://www.scielo.br/j/abmvz/a/GkhZ7nGMbBfzpvhyWggBWNK/?format=pdf&lang=pt
942 _cANA
999 _c329568
_d329568